01495nam a2200397 i 450000100060000000300100000600500170001600700030003300800410003602000180007704000350009504100130013004300120014308400110015510000480016624501130021425000220032726400520034930000570040133600270045833700330048533800280051849000250054650000450057150500880061652100620070453400190076658600420078565000290082765000350085665000350089165000520092665000500097870000320102870000370106057377CO-BoRNBP20250624164212.0ta160801s2008 ck a br 000 jdspa d a9789580410140 aCO-BoRNBPbspaerdacCO-BoRNBP0 aspahger ae-au--- aC NOS11 aNöstlinger, Christine,d1936-2018eautora10aMás historias de FranzcChristine Nöstingler ; traducción Federico Schopf ; ilustraciones Erhard Dietl aPrimera edición 1aBogotá, ColombiabGrupo Editorial Normac2008 a61 páginasbilustraciones en blanco y negrob19 cm atextobtxt2rdacontent asin mediaciónbn2rdamedia avolumenbnc2rdacarrier0 aTorre de papelaRoja aIncluye datos biográficos de la autora1 tDe cómo Franz aprendió a leer --tDe cómo Franz se fue a vivir con su abuela.1 aRecomendado para un público infantil mayor de 6 años. tNeus Vom Franz aPremio Hans Christian Andersen, 1984.04aAutores austriacos2LEMB07aAmistad en la literatura2LEMB07aNiños en la literatura2LEMB00aCuentos infantiles austríacosySiglo XX2LEMB00aLiteratura infantil austriacaySiglo XX2LEMB1 aSchopf, Federicoetraductor1 aDietl, Erhardd1953-eilustrador